[Event "4NCL Division 2a"]
[Site "Daventry, ENG"]
[Date "2020.03.01"]
[Round "2.28"]
[White "Blake, J Morgan"]
[Black "Kunev, Petko"]
[Result "1-0"]
[WhiteElo "2147"]
[BlackElo "1510"]
[PlyCount "55"]
[EventDate "2020.03.01"]
[WhiteTeam "Sussex Martlets 1"]
[BlackTeam "Anglian Avengers"]

1. e4 e5 2. Nf3 Nc6 3. Bb5 f6 4. c3 b6 5. d4 Bb7 6. O-O a6 7. Bxc6 Bxc6 8. dxe5
Bxe4 9. Re1 f5 10. Ng5 Bc6 11. Qb3 Qe7 12. e6 d5 13. Nf7 h6 14. Nxh8 Nf6 15.
Ng6 Qd6 16. Bf4 Qc5 17. e7 Bxe7 18. Rxe7+ Kd8 19. Bxc7+ Kc8 20. Bxb6 Qb5 21.
Rc7+ Kb8 22. Ne5 Be8 23. Nd2 Qxb3 24. Nxb3 Bb5 25. Na5 Ra7 26. Nac6+ Bxc6 27.
Nxc6+ Ka8 28. Rxa7# 1-0

[Event "4NCL Division 2a"]
[Site "Daventry, ENG"]
[Date "2020.03.01"]
[Round "2.31"]
[White "Richardson, John R"]
[Black "Pitcher, John"]
[Result "1-0"]
[WhiteElo "2275"]
[BlackElo "2228"]
[PlyCount "69"]
[EventDate "2020.03.01"]
[WhiteTeam "The ADs"]
[BlackTeam "Warwickshire Select 1"]

1. Nf3 d5 2. c4 c6 3. d4 Nf6 4. Nc3 a6 5. c5 Nbd7 6. Bf4 Nh5 7. Qd2 Nxf4 8.
Qxf4 g6 9. e4 e6 10. exd5 cxd5 11. Bd3 Bg7 12. O-O O-O 13. Rfe1 b6 14. c6 Nf6
15. Rac1 Ne8 16. b4 Nc7 17. a4 f6 18. Qg3 Rf7 19. h4 Bf8 20. h5 Bd6 21. Ne5
fxe5 22. dxe5 Bxb4 23. hxg6 hxg6 24. Bxg6 Rg7 25. Red1 Qe7 26. Rd4 a5 27. Nb5
Nxb5 28. axb5 Bc5 29. Rh4 Ra7 30. Rc3 Qxh4 31. Qxh4 Rxg6 32. Qd8+ Bf8 33. Rf3
Rf7 34. Rxf7 Kxf7 35. Qxc8 1-0

[Event "4NCL Division 2a"]
[Site "Daventry, ENG"]
[Date "2020.03.01"]
[Round "2.32"]
[White "Bowcott-Terry, Finlay"]
[Black "Snape, Ian L"]
[Result "0-1"]
[WhiteElo "2162"]
[BlackElo "2237"]
[PlyCount "62"]
[EventDate "2020.03.01"]
[WhiteTeam "Warwickshire Select 1"]
[BlackTeam "The ADs"]

1. e4 Nf6 2. Nc3 d5 3. e5 Nfd7 4. d4 c5 5. f4 cxd4 6. Qxd4 e6 7. Be3 a6 8. Nf3
Bc5 9. Qd2 Nc6 10. Bxc5 Nxc5 11. O-O-O b5 12. Nd4 Nxd4 13. Qxd4 Qb6 14. f5 b4
15. Ne2 a5 16. Qg4 g6 17. fxg6 hxg6 18. Nd4 Bd7 19. Bd3 a4 20. Rhf1 b3 21. cxb3
a3 22. Qf3 axb2+ 23. Kb1 O-O 24. Bc2 Qa5 25. Kxb2 Qxa2+ 26. Kc3 Rac8 27. Kd2
Ne4+ 28. Ke3 Rxc2 29. Nxc2 Qxc2 30. h4 Bb5 31. Rh1 f6 0-1

[Event "4NCL Division 2a"]
[Site "Daventry, ENG"]
[Date "2020.03.01"]
[Round "2.33"]
[White "Baker, Chris W"]
[Black "Larsen, Pelle O."]
[Result "1/2-1/2"]
[WhiteElo "2305"]
[BlackElo "2141"]
[PlyCount "58"]
[EventDate "2020.03.01"]
[WhiteTeam "The ADs"]
[BlackTeam "Warwickshire Select 1"]

1. d4 Nf6 2. Nf3 g6 3. c4 Bg7 4. g3 d5 5. Bg2 Nc6 6. Nc3 O-O 7. O-O dxc4 8. d5
Nb4 9. Ne5 Nfxd5 10. Nxd5 Nxd5 11. Nxf7 Kxf7 12. Bxd5+ Be6 13. Bxe6+ Kxe6 14.
Qc2 Qd5 15. Rd1 Qc6 16. Be3 Rad8 17. Rac1 b5 18. Bxa7 Rxd1+ 19. Rxd1 Ra8 20.
Bd4 Bxd4 21. Rxd4 Rxa2 22. Qc1 Kf7 23. h4 e5 24. Rd1 Ra8 25. h5 Re8 26. Qh6 Kg8
27. Qg5 Kf7 28. Qh6 Kg8 29. Qg5 Kf7 1/2-1/2

[Event "4NCL Division 2a"]
[Site "Daventry, ENG"]
[Date "2020.03.01"]
[Round "2.34"]
[White "Hanley, James L"]
[Black "Duggan, John E"]
[Result "0-1"]
[WhiteElo "2161"]
[BlackElo "2222"]
[PlyCount "120"]
[EventDate "2020.03.01"]
[WhiteTeam "Warwickshire Select 1"]
[BlackTeam "The ADs"]

1. e4 e6 2. d4 d5 3. Nd2 a6 4. Ngf3 Nf6 5. e5 Nfd7 6. c3 c5 7. Be2 Nc6 8. b3 b5
9. a3 f6 10. exf6 Qxf6 11. Bb2 Bd6 12. c4 bxc4 13. bxc4 Nxd4 14. Nxd4 cxd4 15.
cxd5 Nc5 16. dxe6 O-O 17. Nf3 Nxe6 18. Bxd4 Nxd4 19. Qxd4 Qe7 20. O-O Bc5 21.
Bc4+ Kh8 22. Qe5 Bg4 23. Qxe7 Bxe7 24. Ne5 Bh5 25. Ra2 Bd6 26. Nd7 Rf4 27. Be6
Rd8 28. a4 Re4 29. Bf5 Rd4 30. Nb6 a5 31. Rc2 Bd1 32. Rc4 Rxc4 33. Nxc4 Bb4 34.
Ne5 Rd2 35. Nc4 Rd4 36. Nb2 Bb3 37. Rc1 g6 38. Bc2 Bd2 39. Bxb3 Bxc1 40. Nd1
Rd3 41. Bc2 Rd2 42. Bb3 Ba3 43. Kf1 Bc5 44. Ke1 Bb4 45. Kf1 Kg7 46. h3 Kf6 47.
Ne3 Bc5 48. Bg8 Bxe3 49. fxe3 h6 50. Kg1 Re2 51. Bc4 Rxe3 52. Kf2 Rc3 53. Bb5
Ke5 54. Be8 g5 55. g3 Kd4 56. h4 Kc5 57. Kg2 gxh4 58. gxh4 Kb4 59. h5 Re3 60.
Bd7 Re5 0-1

[Event "4NCL Division 2a"]
[Site "Daventry, ENG"]
[Date "2020.03.01"]
[Round "2.35"]
[White "Ahluwalia, Amardip"]
[Black "Mason, Donald J"]
[Result "1-0"]
[WhiteElo "2230"]
[BlackElo "2140"]
[PlyCount "65"]
[EventDate "2020.03.01"]
[WhiteTeam "The ADs"]
[BlackTeam "Warwickshire Select 1"]

1. c4 g6 2. g3 Bg7 3. Bg2 c5 4. Nc3 Nc6 5. a3 d6 6. Rb1 a5 7. d3 e5 8. e3 Nge7
9. Nge2 Rb8 10. Nb5 O-O 11. Nec3 f5 12. O-O Be6 13. Nd5 Bf7 14. Nbc3 Nxd5 15.
Nxd5 Ne7 16. Nxe7+ Qxe7 17. Bd2 b6 18. b4 axb4 19. axb4 e4 20. Qc2 b5 21. bxc5
exd3 22. Qxd3 bxc4 23. cxd6 Qa7 24. Qc2 c3 25. Rxb8 Rxb8 26. Bxc3 Qc5 27. Rc1
Qxc3 28. Qxc3 Bxc3 29. Rxc3 Rb1+ 30. Bf1 Be8 31. Kg2 Kf8 32. Rc8 Rb7 33. Ba6
1-0

[Event "4NCL Division 2a"]
[Site "Daventry, ENG"]
[Date "2020.03.01"]
[Round "2.36"]
[White "Shephard, Chris C W"]
[Black "Tombolis, Christopher"]
[Result "1-0"]
[WhiteElo "2203"]
[BlackElo "2072"]
[PlyCount "103"]
[EventDate "2020.03.01"]
[WhiteTeam "Warwickshire Select 1"]
[BlackTeam "The ADs"]

1. c4 e6 2. Nf3 Nf6 3. g3 d5 4. b3 Be7 5. Bg2 O-O 6. O-O c5 7. Bb2 Nc6 8. e3
dxc4 9. bxc4 Qd3 10. Qb3 Nb4 11. Nc3 Nc6 12. Nd5 Qxb3 13. Nxe7+ Nxe7 14. axb3
Nc6 15. Ne5 Nxe5 16. Bxe5 Rd8 17. Rfd1 Rd3 18. Bc3 Ne8 19. Ra5 b6 20. Bxa8 bxa5
21. Be4 Rd6 22. Bxa5 Ra6 23. Bc3 Nd6 24. Bc2 Bb7 25. Ra1 Rxa1+ 26. Bxa1 Ne4 27.
d3 Ng5 28. h4 Nf3+ 29. Kf1 f6 30. Bb2 Ne5 31. Ba3 Nd7 32. Bd1 g6 33. f4 Kf7 34.
Kf2 e5 35. fxe5 Nxe5 36. Be2 Nd7 37. Bf3 Bxf3 38. Kxf3 Ke6 39. d4 cxd4 40. exd4
h6 41. d5+ Ke5 42. Bb2+ Kd6 43. Kf4 Kc5 44. Ba3+ Kd4 45. h5 gxh5 46. Kf5 a5 47.
Ke6 Nb6 48. d6 a4 49. c5 Nd5 50. bxa4 f5 51. d7 Nc7+ 52. Kxf5 1-0

[Event "4NCL Division 2a"]
[Site "Daventry, ENG"]
[Date "2020.03.01"]
[Round "2.37"]
[White "Hylands, Liam M"]
[Black "Baruch, Andrew J D"]
[Result "0-1"]
[WhiteElo "2035"]
[BlackElo "2076"]
[PlyCount "70"]
[EventDate "2020.03.01"]
[WhiteTeam "The ADs"]
[BlackTeam "Warwickshire Select 1"]

1. e4 Nf6 2. e5 Nd5 3. d4 d6 4. Nf3 g6 5. Be2 Bg7 6. O-O O-O 7. c4 Nb6 8. exd6
cxd6 9. Nc3 Bg4 10. Be3 Nc6 11. b3 d5 12. c5 Nc8 13. b4 Bxf3 14. Bxf3 e6 15. b5
N6e7 16. Qd2 Nf5 17. Bg4 Nce7 18. Rfc1 a6 19. a4 h5 20. Bxf5 Nxf5 21. bxa6 bxa6
22. Rab1 Qa5 23. Rb6 Rfc8 24. Rcb1 Rxc5 25. dxc5 Bxc3 26. Qd3 d4 27. Bg5 Qxc5
28. Bf6 Qc8 29. Rxa6 Kh7 30. Rxa8 Qxa8 31. Qb5 g5 32. Bxg5 Kg6 33. Bf4 Qe4 34.
Bc7 d3 35. Qb3 Nh4 0-1

[Event "4NCL Division 2a"]
[Site "Daventry, ENG"]
[Date "2020.03.01"]
[Round "2.38"]
[White "Page, Mark E"]
[Black "Walsh, Marcus"]
[Result "1-0"]
[WhiteElo "2110"]
[BlackElo "2005"]
[PlyCount "51"]
[EventDate "2020.03.01"]
[WhiteTeam "Warwickshire Select 1"]
[BlackTeam "The ADs"]

1. e4 c5 2. Nf3 d6 3. Bb5+ Nd7 4. O-O a6 5. Bxd7+ Bxd7 6. d4 cxd4 7. Qxd4 e6 8.
Bg5 Nf6 9. c4 Be7 10. Nc3 Qc7 11. Rac1 O-O 12. Rfd1 Bc6 13. Nd5 Nxd5 14. cxd5
Bxg5 15. Nxg5 Qe7 16. dxc6 Qxg5 17. cxb7 Rab8 18. Rc7 Qb5 19. Qxd6 g6 20. Qd7
Qxb2 21. a4 Qb3 22. h3 Qb4 23. Qc6 Qb2 24. Qxa6 Rbd8 25. Rxd8 Rxd8 26. Rc8 1-0

[Event "4NCL Division 2a"]
[Site "Daventry, ENG"]
[Date "2020.03.01"]
[Round "2.41"]
[White "Martin, Lewis"]
[Black "Weller, Jean-Luc"]
[Result "1/2-1/2"]
[WhiteElo "2199"]
[BlackElo "2230"]
[PlyCount "87"]
[EventDate "2020.03.01"]
[WhiteTeam "Check Innmates"]
[BlackTeam "Chessable White Rose 2"]

1. e4 e6 2. d4 d5 3. Nd2 Nf6 4. e5 Nfd7 5. f4 c5 6. c3 Nc6 7. Ndf3 Qb6 8. Ne2
a6 9. g3 Qa7 10. Bh3 g6 11. O-O b5 12. Be3 a5 13. Qd2 Ba6 14. Rf2 b4 15. g4 f5
16. exf6 Nxf6 17. Ng3 Bc8 18. Ne5 cxd4 19. cxd4 Ne7 20. g5 Nfg8 21. Rc1 Nf5 22.
Nxf5 exf5 23. Qd1 Bd6 24. Rfc2 Bd7 25. Nc6 Bxc6 26. Rxc6 Qd7 27. Bg2 Ne7 28.
R6c5 Bxc5 29. dxc5 Qc6 30. Bd4 O-O-O 31. Bxh8 Rxh8 32. Qd4 Rd8 33. a3 Qc7 34.
c6 Rd6 35. axb4 axb4 36. Qxb4 Nxc6 37. Qb5 Qb7 38. Qe2 Qb4 39. Qe5 Qd2 40. Qxd6
Qxc1+ 41. Bf1 Qe3+ 42. Kg2 Qe4+ 43. Kg3 Qe3+ 44. Kg2 1/2-1/2

[Event "4NCL Division 2a"]
[Site "Daventry, ENG"]
[Date "2020.03.01"]
[Round "2.42"]
[White "Wall, Tim P"]
[Black "Richmond, Jane"]
[Result "1-0"]
[WhiteElo "2201"]
[BlackElo "2101"]
[PlyCount "99"]
[EventDate "2020.03.01"]
[WhiteTeam "Chessable White Rose 2"]
[BlackTeam "Check Innmates"]

1. d4 Nf6 2. Nf3 e6 3. g3 d5 4. Bg2 c5 5. O-O Nc6 6. c4 cxd4 7. cxd5 exd5 8.
Nxd4 Be7 9. Nc3 O-O 10. Be3 Bg4 11. h3 Be6 12. Qb3 Qd7 13. Kh2 Rac8 14. Rad1
Na5 15. Qa4 Qxa4 16. Nxa4 Nc4 17. Bc1 Rfd8 18. Nc3 Bb4 19. Ncb5 a6 20. a3 Bf8
21. Nxe6 fxe6 22. Nd4 Kf7 23. f4 Bc5 24. f5 e5 25. Ne6 Rd7 26. Rd3 Ba7 27. b3
Na5 28. Bb2 e4 29. Rc3 Rxc3 30. Bxc3 Nxb3 31. Rb1 Nc5 32. Bd4 b6 33. Nf4 Ke7
34. g4 Kd6 35. e3 Kc6 36. Bf1 Bb8 37. Bxa6 Re7 38. Bb5+ Kb7 39. Be2 Bxf4+ 40.
exf4 Rc7 41. g5 Ne8 42. f6 gxf6 43. gxf6 Nxf6 44. Bxf6 Nd7 45. Bd4 Rc2 46. Rb2
Rxb2 47. Bxb2 Nc5 48. f5 Kc7 49. Kg3 Kd6 50. Kf4 1-0

[Event "4NCL Division 2a"]
[Site "Daventry, ENG"]
[Date "2020.03.01"]
[Round "2.43"]
[White "Truran, Michael C"]
[Black "Arnott, Jonathan W"]
[Result "1/2-1/2"]
[WhiteElo "2125"]
[BlackElo "2124"]
[PlyCount "46"]
[EventDate "2020.03.01"]
[WhiteTeam "Check Innmates"]
[BlackTeam "Chessable White Rose 2"]

1. d4 d5 2. c4 c6 3. Nf3 Nf6 4. Qb3 dxc4 5. Qxc4 Bf5 6. Nc3 e6 7. e3 Nbd7 8.
Nh4 Bg6 9. Nxg6 hxg6 10. Be2 Bd6 11. e4 e5 12. Be3 exd4 13. Bxd4 Be5 14. O-O-O
Bxd4 15. Qxd4 Qb6 16. f4 Qxd4 17. Rxd4 Nc5 18. g3 Rd8 19. Rxd8+ Kxd8 20. e5
Nfe4 21. Nxe4 Nxe4 22. Bc4 Nf2 23. Rg1 Ke7 1/2-1/2

[Event "4NCL Division 2a"]
[Site "Daventry, ENG"]
[Date "2020.03.01"]
[Round "2.44"]
[White "Gayson, Peter M"]
[Black "Richmond, Peter"]
[Result "1/2-1/2"]
[WhiteElo "2136"]
[BlackElo "2056"]
[PlyCount "75"]
[EventDate "2020.03.01"]
[WhiteTeam "Chessable White Rose 2"]
[BlackTeam "Check Innmates"]

1. e4 c5 2. Nf3 Nf6 3. e5 Nd5 4. Nc3 e6 5. Nxd5 exd5 6. d4 d6 7. Bb5+ Bd7 8.
Bxd7+ Qxd7 9. O-O Nc6 10. Re1 O-O-O 11. Bf4 cxd4 12. exd6 Bxd6 13. Bxd6 Qxd6
14. Nxd4 Qf4 15. Nxc6 bxc6 16. Qd3 Qc7 17. Re3 Rhe8 18. Rae1 Rxe3 19. Rxe3 g6
20. Qe2 Kb7 21. g3 h5 22. h4 Rd7 23. b4 Qb6 24. a4 a6 25. c3 Qd8 26. b5 axb5
27. axb5 c5 28. c4 dxc4 29. Qf3+ Kb8 30. Qc6 Qc7 31. Re8+ Rd8 32. Rxd8+ Qxd8
33. Qxc5 Qc7 34. Qf8+ Kb7 35. b6 Kxb6 36. Qb4+ Ka7 37. Qa4+ Kb8 38. Qb4+
1/2-1/2

[Event "4NCL Division 2a"]
[Site "Daventry, ENG"]
[Date "2020.03.01"]
[Round "2.45"]
[White "Rabbitt, Michael"]
[Black "Ho, Conrad"]
[Result "0-1"]
[WhiteElo "1986"]
[BlackElo "2046"]
[PlyCount "100"]
[EventDate "2020.03.01"]
[WhiteTeam "Check Innmates"]
[BlackTeam "Chessable White Rose 2"]

1. e4 e6 2. d4 d5 3. Nc3 Bb4 4. Bd2 dxe4 5. Nge2 Nf6 6. Nxe4 Bxd2+ 7. Nxd2 b6
8. Nb3 a5 9. a4 O-O 10. Nf4 Qd6 11. Nd3 Bb7 12. Qd2 Nc6 13. Qf4 e5 14. dxe5
Nxe5 15. Qg3 Nxd3+ 16. Bxd3 Qxg3 17. hxg3 Bxg2 18. Rh4 Rfe8+ 19. Kd2 Ne4+ 20.
Bxe4 Rxe4 21. Rxe4 Bxe4 22. Nd4 Rd8 23. Kc3 c5 24. Nb3 h5 25. Nd2 Bd5 26. Rd1
Re8 27. Nf1 Bc6 28. b3 Re2 29. Rd2 Rxd2 30. Kxd2 Bd5 31. Ne3 Be6 32. f4 g6 33.
Kd3 Kf8 34. Ke4 Ke7 35. f5 gxf5+ 36. Nxf5+ Kf6 37. Ne3 Ke7 38. Nf5+ Kf6 39. Ne3
Kg5 40. Ke5 Bg4 41. Ke4 Be2 42. Ke5 Bf3 43. Kd6 f5 44. Ke5 Be4 45. c4 Bd3 46.
Nd5 Kg4 47. Nf6+ Kg5 48. Nd5 Bc2 49. Nxb6 Kg4 50. Nd7 Kxg3 0-1

[Event "4NCL Division 2a"]
[Site "Daventry, ENG"]
[Date "2020.03.01"]
[Round "2.46"]
[White "Shaw, Peter"]
[Black "Burroughs, Adam"]
[Result "1-0"]
[WhiteElo "2085"]
[BlackElo "1848"]
[PlyCount "49"]
[EventDate "2020.03.01"]
[WhiteTeam "Chessable White Rose 2"]
[BlackTeam "Check Innmates"]

1. d4 d5 2. c4 e6 3. Nc3 Nf6 4. Bg5 c6 5. e3 Be7 6. Nf3 Nbd7 7. Qc2 h6 8. Bh4
O-O 9. Rd1 Re8 10. Bd3 dxc4 11. Bxc4 Nd5 12. Bg3 N7b6 13. Bb3 Nxc3 14. bxc3 Bd6
15. e4 Bxg3 16. hxg3 Qf6 17. e5 Qe7 18. g4 Nd5 19. g5 Qf8 20. gxh6 gxh6 21. Qd2
Qg7 22. Rxh6 Qxg2 23. Ke2 Kg7 24. Rg1 Nxc3+ 25. Kd3 1-0

[Event "4NCL Division 2a"]
[Site "Daventry, ENG"]
[Date "2020.03.01"]
[Round "2.47"]
[White "Headlong, Fenella"]
[Black "Burnett, Jim"]
[Result "0-1"]
[WhiteElo "1762"]
[BlackElo "2028"]
[PlyCount "74"]
[EventDate "2020.03.01"]
[WhiteTeam "Check Innmates"]
[BlackTeam "Chessable White Rose 2"]

1. e4 e6 2. d4 d5 3. e5 c5 4. c3 Nc6 5. Nf3 Nh6 6. Be2 Nf5 7. Be3 Be7 8. O-O
O-O 9. Qd2 Nxe3 10. fxe3 f6 11. exf6 Bxf6 12. Na3 Qe7 13. h3 Bd7 14. Nc2 Rad8
15. dxc5 Qxc5 16. Nfd4 Ne5 17. Qd1 Rf7 18. Bh5 g6 19. Bg4 Qd6 20. Qe2 Rdf8 21.
e4 h5 22. Bf3 Nxf3+ 23. Nxf3 Qb6+ 24. Qf2 Bd8 25. e5 Qxb2 26. Rab1 Qxc3 27.
Qxa7 Qxc2 28. Rxb7 Be8 29. Kh2 Qf5 30. Qb8 Rxb7 31. Qxb7 Qf7 32. Qc8 Qd7 33.
Qa6 Qc6 34. Qa7 Qa4 35. Qb8 Qb5 36. Qxb5 Bxb5 37. Rb1 Bd3 0-1

[Event "4NCL Division 2a"]
[Site "Daventry, ENG"]
[Date "2020.03.01"]
[Round "2.48"]
[White "Busuioc, Alexandra"]
[Black "Headlong, Georgia"]
[Result "1-0"]
[WhiteElo "1921"]
[BlackElo "1757"]
[PlyCount "97"]
[EventDate "2020.03.01"]
[WhiteTeam "Chessable White Rose 2"]
[BlackTeam "Check Innmates"]

1. e4 e5 2. Nf3 Nf6 3. Nc3 Nc6 4. Bb5 Bb4 5. d3 d6 6. O-O O-O 7. Bg5 Bxc3 8.
bxc3 h6 9. Bh4 Bg4 10. Re1 Qe7 11. Qe2 Rfe8 12. Qe3 a6 13. Ba4 b5 14. Bb3 Na5
15. Nd2 c5 16. c4 Nxb3 17. axb3 b4 18. Ra5 Bc8 19. Rea1 Bb7 20. f3 Qe6 21. Be1
Nd7 22. Nb1 Nb8 23. c3 Nc6 24. R5a2 a5 25. Qc1 Qg6 26. Nd2 Qg5 27. Nf1 Qd8 28.
Ne3 Ne7 29. Qd1 Qb6 30. cxb4 axb4 31. Bh4 Ng6 32. Nf5 Rxa2 33. Rxa2 Ra8 34.
Rxa8+ Bxa8 35. Qa1 Bb7 36. Be7 Nxe7 37. Nxe7+ Kh7 38. Nf5 Bc8 39. Ne3 Bb7 40.
g3 g6 41. f4 f6 42. fxe5 fxe5 43. Ng4 Bc8 44. Nf6+ Kg7 45. Nd5 Qb7 46. Qa5 Be6
47. Qd8 Qd7 48. Qf6+ Kh7 49. Ne7 1-0

[Event "4NCL Division 2b"]
[Site "Daventry, ENG"]
[Date "2020.02.29"]
[Round "1.51"]
[White "Zakarian, David"]
[Black "Gourlay, Iain"]
[Result "0-1"]
[WhiteElo "2335"]
[BlackElo "2343"]
[PlyCount "138"]
[EventDate "2020.02.29"]
[WhiteTeam "Oxford 1"]
[BlackTeam "Alba"]

1. d4 d5 2. c4 c6 3. Nc3 Nf6 4. cxd5 cxd5 5. Bf4 Nc6 6. e3 Bg4 7. Qb3 Na5 8.
Qa4+ Bd7 9. Qc2 e6 10. Bd3 Nc6 11. a3 Be7 12. Nf3 Nh5 13. Be5 f6 14. Bg3 f5 15.
O-O Nxg3 16. fxg3 O-O 17. g4 fxg4 18. Bxh7+ Kh8 19. Nd2 Bg5 20. Rae1 Rxf1+ 21.
Nxf1 Qf6 22. Bg6 Rf8 23. Bh5 Qxf1+ 24. Rxf1 Bxe3+ 25. Rf2 Rxf2 26. Qxf2 Bxd4
27. Bxg4 Bxf2+ 28. Kxf2 Ne5 29. Be2 d4 30. Ne4 Bc6 31. Ng5 Bd5 32. g4 d3 33.
Bd1 Nc4 34. Bb3 d2 35. Ke2 Nxb2 36. Bc2 Nc4 37. a4 Kg8 38. h4 Ne5 39. Kxd2 Nxg4
40. Kc3 Ne3 41. Bg6 e5 42. Kb4 Kf8 43. Kc5 Ke7 44. a5 Bg2 45. Bd3 Nd5 46. Bc4
Nf6 47. Nf7 Nd7+ 48. Kb4 e4 49. h5 Kf6 50. h6 gxh6 51. Nxh6 Kg5 52. Nf7+ Kf4
53. Nd8 e3 54. Ne6+ Ke5 55. Ng5 Bd5 56. Bb5 a6 57. Bd3 Kf4 58. Nh3+ Kg3 59. Ng1
Ne5 60. Kc3 Nc6 61. Ne2+ Kf3 62. Ng1+ Kf2 63. Nh3+ Kg3 64. Ng1 Bf3 65. Kc4 Kg2
66. Nxf3 Kxf3 67. Kc5 e2 68. Bxe2+ Kxe2 69. Kb6 Nxa5 0-1

[Event "4NCL Division 2b"]
[Site "Daventry, ENG"]
[Date "2020.02.29"]
[Round "1.52"]
[White "Berry, Neil"]
[Black "Manley, Jon P"]
[Result "1-0"]
[WhiteElo "2258"]
[BlackElo "2169"]
[PlyCount "53"]
[EventDate "2020.02.29"]
[WhiteTeam "Alba"]
[BlackTeam "Oxford 1"]

1. d4 d5 2. c4 dxc4 3. e4 e5 4. Nf3 exd4 5. Bxc4 Bb4+ 6. Nbd2 Nc6 7. O-O Nf6 8.
e5 Nd5 9. Nb3 Nb6 10. Bd3 Bg4 11. a3 Be7 12. Re1 Qd7 13. h3 Bh5 14. Bf4 O-O 15.
Rc1 Rad8 16. Nc5 Bxc5 17. Rxc5 Rfe8 18. e6 Rxe6 19. Rxh5 g6 20. Rc5 Nd5 21. Bd2
Qd6 22. Rc1 a6 23. Qc2 Rde8 24. Rxe6 Rxe6 25. Qc5 b6 26. Ng5 Qxc5 27. Rxc5 1-0

[Event "4NCL Division 2b"]
[Site "Daventry, ENG"]
[Date "2020.02.29"]
[Round "1.53"]
[White "Mihov, Filip"]
[Black "Findlay, David John"]
[Result "1/2-1/2"]
[WhiteElo "2213"]
[BlackElo "2170"]
[PlyCount "76"]
[EventDate "2020.02.29"]
[WhiteTeam "Oxford 1"]
[BlackTeam "Alba"]

1. d4 d6 2. c4 e5 3. Nc3 exd4 4. Qxd4 Nc6 5. Qd2 Nf6 6. g3 Be6 7. Nd5 Ne5 8. b3
c6 9. Nxf6+ Qxf6 10. Bb2 Qg6 11. Bg2 Be7 12. Nh3 O-O 13. Nf4 Qh6 14. Rd1 Rad8
15. Qa5 a6 16. O-O Ng4 17. h3 Nf6 18. Bc1 g5 19. Nxe6 fxe6 20. Qxg5+ Qxg5 21.
Bxg5 Kf7 22. e4 Rg8 23. Be3 d5 24. exd5 exd5 25. cxd5 Nxd5 26. Bxd5+ Rxd5 27.
Rxd5 cxd5 28. Rc1 Bd6 29. Kg2 Re8 30. g4 Re4 31. Rc8 d4 32. Kf3 dxe3 33. Kxe4
e2 34. Rc1 Bb4 35. Kf5 e1=Q 36. Rxe1 Bxe1 37. f4 Bg3 38. g5 Kg7 1/2-1/2

[Event "4NCL Division 2b"]
[Site "Daventry, ENG"]
[Date "2020.02.29"]
[Round "1.54"]
[White "Koehn, Lennart"]
[Black "Hansen, Hans-Peter"]
[Result "0-1"]
[WhiteElo "2108"]
[BlackElo "2160"]
[PlyCount "140"]
[EventDate "2020.02.29"]
[WhiteTeam "Alba"]
[BlackTeam "Oxford 1"]

1. e4 c5 2. Nf3 g6 3. d4 cxd4 4. Nxd4 Bg7 5. c4 Nc6 6. Be3 Nf6 7. Nc3 O-O 8.
Be2 d6 9. O-O Bd7 10. Qd2 Nxd4 11. Bxd4 Bc6 12. f3 a5 13. b3 Nd7 14. Be3 Nc5
15. Rab1 e6 16. Rfd1 Be5 17. Bf1 Qe7 18. a3 Qh4 19. g3 Qf6 20. Bd4 Qxf3 21.
Bxe5 dxe5 22. Bg2 Qf6 23. b4 Rfd8 24. Qe3 axb4 25. axb4 Na4 26. Rxd8+ Qxd8 27.
b5 Be8 28. Ra1 Nxc3 29. Rxa8 Qxa8 30. Qxc3 Qa7+ 31. c5 Bxb5 32. Qxe5 Bc6 33. h4
h5 34. Kh2 Qa8 35. Qd6 Qf8 36. Qd4 Qe7 37. e5 Bxg2 38. Kxg2 Qc7 39. Kh2 Kf8 40.
Qb4 Qc6 41. Qa5 Qd5 42. Qb4 Kg7 43. Qc3 Qe4 44. Qb2 g5 45. hxg5 Kg6 46. Qc3
Kxg5 47. Qd2+ Kg6 48. Qb2 h4 49. gxh4 Qxh4+ 50. Kg2 Qg4+ 51. Kh2 Qf4+ 52. Kg2
Qe4+ 53. Kg3 Qe3+ 54. Kg4 Qxc5 55. Qb1+ Kg7 56. Qxb7 Qxe5 57. Qc8 Qe4+ 58. Kg3
e5 59. Qd8 Qe3+ 60. Kg2 e4 61. Qe7 Qf4 62. Kh3 e3 63. Qe8 Qf3+ 64. Kh2 Qf4+ 65.
Kg2 Qg4+ 66. Kf1 Qf3+ 67. Kg1 e2 68. Qe5+ Kg6 69. Qd6+ f6 70. Kh2 Qf2+ 0-1

[Event "4NCL Division 2b"]
[Site "Daventry, ENG"]
[Date "2020.02.29"]
[Round "1.55"]
[White "Han, Joseph"]
[Black "Shafi, Declan"]
[Result "0-1"]
[WhiteElo "2132"]
[BlackElo "2151"]
[PlyCount "63"]
[EventDate "2020.02.29"]
[WhiteTeam "Oxford 1"]
[BlackTeam "Alba"]

1. e4 c5 2. Nf3 Nc6 3. Bb5 e6 4. O-O Nge7 5. c3 g6 6. Re1 Bg7 7. d4 cxd4 8.
cxd4 d5 9. e5 O-O 10. b3 f6 11. exf6 Bxf6 12. Nc3 a6 13. Bxc6 Nxc6 14. Qd3 b5
15. Bh6 Re8 16. Bf4 Bd7 17. Rad1 Rc8 18. Re3 Rf8 19. Bd6 Be7 20. Bxe7 Nxe7 21.
Ne5 b4 22. Ne2 Bb5 23. Qd2 Nf5 24. Rh3 Qf6 25. g4 Nd6 26. f3 Nf7 27. Nxf7 Rxf7
28. Rc1 Rfc7 29. Rxc7 Rxc7 30. Qxb4 Rc2 31. Nc3 Qf4 32. Qa3 0-1

[Event "4NCL Division 2b"]
[Site "Daventry, ENG"]
[Date "2020.02.29"]
[Round "1.56"]
[White "White, Stuart A"]
[Black "Rogozinski, Andrew"]
[Result "1/2-1/2"]
[WhiteElo "2064"]
[BlackElo "2080"]
[PlyCount "93"]
[EventDate "2020.02.29"]
[WhiteTeam "Alba"]
[BlackTeam "Oxford 1"]

1. d4 Nf6 2. c4 g6 3. Nc3 Bg7 4. e4 d6 5. Nf3 O-O 6. Be2 e5 7. Be3 Nc6 8. d5
Ne7 9. Nd2 Ne8 10. g4 h6 11. h4 c6 12. g5 h5 13. f3 Nc7 14. Bd3 Bd7 15. Rc1 b5
16. b3 Re8 17. O-O a5 18. dxc6 Nxc6 19. cxb5 Nd4 20. b6 Nce6 21. Nd5 Bc6 22.
Bxd4 Bxd5 23. Be3 Bb7 24. Bb5 Re7 25. Nc4 Nd4 26. Bxd4 exd4 27. Qd3 d5 28. exd5
Bxd5 29. Rfe1 Rxe1+ 30. Rxe1 Bxc4 31. Bxc4 Qxb6 32. Re7 Rf8 33. Kg2 Qb4 34. Qe2
Qd6 35. Rxf7 Kh8 36. Rxf8+ Bxf8 37. Qe4 Kg7 38. Qb7+ Be7 39. Qa8 Bd8 40. Qd5
Qxd5 41. Bxd5 d3 42. Kf2 Bb6+ 43. Ke1 Be3 44. Be4 d2+ 45. Ke2 Bf4 46. Bc2 Kf7
47. Kd1 1/2-1/2

[Event "4NCL Division 2b"]
[Site "Daventry, ENG"]
[Date "2020.02.29"]
[Round "1.57"]
[White "Pozimski, Szymon"]
[Black "Grassie, Duncan"]
[Result "1-0"]
[WhiteElo "2011"]
[BlackElo "2086"]
[PlyCount "139"]
[EventDate "2020.02.29"]
[WhiteTeam "Oxford 1"]
[BlackTeam "Alba"]

1. Nf3 d5 2. e3 Nf6 3. b3 g6 4. Bb2 Bg7 5. c4 c6 6. cxd5 cxd5 7. Bb5+ Bd7 8.
Qe2 Qb6 9. Nc3 O-O 10. O-O a6 11. Bxd7 Nbxd7 12. Na4 Qd6 13. Bxf6 Bxf6 14. d4
Rac8 15. Rac1 Rc6 16. Nb2 Rfc8 17. Nd3 e6 18. g3 Be7 19. Rxc6 Rxc6 20. Qd2 Qc7
21. Rc1 f6 22. Rxc6 Qxc6 23. Kf1 e5 24. dxe5 fxe5 25. Ndxe5 Nxe5 26. Nxe5 Qe6
27. Nf3 Qe4 28. Ke2 Bf6 29. Qd3 Qe6 30. Nd4 Qg4+ 31. Nf3 Qe6 32. Kf1 Qc6 33.
Kg2 g5 34. h3 Kg7 35. Nd4 Bxd4 36. Qxd4+ Kg8 37. Kh2 h6 38. Qe5 a5 39. a4 b6
40. Qd4 Kh7 41. Kg2 Qe6 42. g4 Kg6 43. Kf3 Qf7+ 44. Ke2 Qe6 45. Kd3 Qc6 46. e4
Qc1 47. Qxb6+ Kf7 48. Qb7+ Kf8 49. Qxd5 Qf1+ 50. Kd4 Qxf2+ 51. Kc4 Qf1+ 52. Qd3
Qf7+ 53. Kb5 Qc7 54. Qd4 Qg3 55. Kxa5 Qxh3 56. Qd6+ Kf7 57. Qd7+ Kf8 58. b4 h5
59. Qf5+ Ke8 60. Qg6+ Kf8 61. Qxh5 Qxh5 62. gxh5 g4 63. b5 Ke7 64. b6 g3 65. b7
g2 66. b8=Q g1=Q 67. Qb4+ Kf7 68. Qc4+ Ke8 69. Qe6+ Kf8 70. Qf6+ 1-0

[Event "4NCL Division 2b"]
[Site "Daventry, ENG"]
[Date "2020.02.29"]
[Round "1.58"]
[White "Ridge, Benjamin"]
[Black "Zakarian, Dimitrios Levon"]
[Result "0-1"]
[WhiteElo "1766"]
[BlackElo "1877"]
[PlyCount "84"]
[EventDate "2020.02.29"]
[WhiteTeam "Alba"]
[BlackTeam "Oxford 1"]

1. c4 Nf6 2. Nc3 e6 3. Nf3 d5 4. cxd5 exd5 5. d4 Be7 6. Bg5 O-O 7. e3 c6 8. Be2
Ne4 9. Bxe7 Qxe7 10. Nxe4 dxe4 11. Nd2 f5 12. Bc4+ Be6 13. Bxe6+ Qxe6 14. Qb3
Qxb3 15. Nxb3 Nd7 16. Ke2 Rac8 17. Rac1 Nf6 18. Rc2 Nd5 19. a3 Rc7 20. Rhc1 f4
21. Nd2 fxe3 22. fxe3 Rcf7 23. Rf1 Rxf1 24. Nxf1 Rxf1 25. Rc5 Rg1 26. Kf2 Rd1
27. Ke2 Rd3 28. Kf2 Rd2+ 29. Ke1 Rxb2 30. Ra5 a6 31. a4 Rxg2 32. Rc5 Rxh2 33.
a5 Rb2 34. Rc1 h5 35. Kf1 h4 36. Kg1 h3 37. Rf1 Nc3 38. Rf5 Ne2+ 39. Kh2 Nxd4+
40. Kxh3 Nxf5 41. Kg4 Nxe3+ 42. Kh3 c5 0-1